[Event "22nd ch-EUR Indiv 2022"]
[Site "Terme Catez SLO"]
[Date "2022.04.04"]
[Round "9.80"]
[White "Taichman, Ori"]
[Black "Neverov, Valeriy"]
[Result "1-0"]
[WhiteTitle "FM"]
[BlackTitle "GM"]
[WhiteElo "2297"]
[BlackElo "2453"]
[WhiteFideId "2804069"]
[BlackFideId "14100150"]
[EventDate "2022.03.27"]

1. e4 c5 2. Nc3 a6 3. g3 b5 4. Bg2 Bb7 5. Nge2 e6 6. d4 cxd4 7. Nxd4 Nc6 8. O-O
Nge7 9. Be3 Nxd4 10. Qxd4 Nc6 11. Qd2 Ne5 12. a4 Nc4 13. Qe2 Nxe3 14. Qxe3 b4
15. Nd5 Qa5 16. Qb6 Qxb6 17. Nxb6 Rd8 18. Rfd1 Bc5 19. a5 Ke7 20. Na4 Ba7 21.
Nb6 Bxb6 22. axb6 Rc8 23. e5 Bxg2 24. Kxg2 Rxc2 25. Rxa6 Rc5 26. Ra7 Rd8 27. f4
f6 28. exf6+ gxf6 29. Rd4 Rb5 30. Rb7 b3 31. Kf3 h5 32. Ke4 Rc5 33. Rb4 e5 34.
f5 Rdc8 35. Rxb3 Rc4+ 36. Ke3 Rd4 37. Rc7 Rb8 38. Rc2 Ra4 39. Rc5 Ra6 40. b7 Ra7
41. Rcb5 Ra4 42. Ra3 Rg4 43. Ra8 Rgg8 44. Rxb8 Rxb8 45. h3 d5 46. Rb6 Kf7 47.
Kd3 Ke7 48. Kc3 Kd8 49. Kb4 d4 50. Kc4 Ke7 51. g4 hxg4 52. hxg4 Kf7 53. Rb3 Kg7
54. Rb6 Kf7 55. Rb5 Kg7 56. Kd3 Kh6 57. Rb6 Kg5 58. Ke4 Kxg4 59. Rxf6 Rxb7 60.
Rg6+ Kh5 61. Rg2 d3 62. Kxe5 Re7+ 63. Kf4 Re2 64. Rg3 Rf2+ 65. Rf3 Rxf3+ 66.
Kxf3 Kg5 67. Ke3 1-0

[Event "22nd ch-EUR Indiv 2022"]
[Site "Terme Catez SLO"]
[Date "2022.04.04"]
[Round "9.81"]
[White "Murphy, Conor E"]
[Black "Bethke, Richard"]
[Result "0-1"]
[WhiteTitle "IM"]
[BlackTitle "FM"]
[WhiteElo "2427"]
[BlackElo "2327"]
[WhiteFideId "421669"]
[BlackFideId "12959243"]
[EventDate "2022.03.27"]

1. d4 Nf6 2. c4 e6 3. Nc3 Bb4 4. e3 O-O 5. Bd2 d5 6. Nf3 c5 7. dxc5 Bxc5 8. a3
b6 9. cxd5 Nxd5 10. Qc2 Bb7 11. Bd3 h6 12. Rd1 Nd7 13. Nxd5 Bxd5 14. e4 Bb7 15.
b4 Bd6 16. Bb5 Rc8 17. Qb2 Qf6 18. Bc1 Be5 19. Nxe5 Nxe5 20. Qe2 a6 21. Bxa6 Qg6
22. O-O Bxe4 23. f3 Rc2 24. Bd2 Nxf3+ 25. Rxf3 Bxf3 26. Qxf3 Rd8 27. Qe3 Qg5 28.
Bd3 Qxe3+ 29. Bxe3 Rc3 30. Bh7+ Kxh7 31. Rxd8 Rxe3 32. Rb8 Rxa3 33. Kf2 Ra2+ 34.
Kf3 e5 35. Rxb6 e4+ 36. Kg3 g5 37. Rb5 Kg6 38. Rb6+ f6 39. b5 h5 40. Rc6 Rb2 41.
b6 h4+ 42. Kh3 Kh5 43. g4+ hxg3 44. Kxg3 f5 45. Rc5 f4+ 46. Kh3 e3 47. Re5 e2
48. b7 e1=Q 0-1

[Event "22nd ch-EUR Indiv 2022"]
[Site "Terme Catez SLO"]
[Date "2022.04.04"]
[Round "9.82"]
[White "Stoyanov, Tsvetan"]
[Black "Karsay, Pascal"]
[Result "1-0"]
[WhiteTitle "IM"]
[BlackTitle "FM"]
[WhiteElo "2424"]
[BlackElo "2310"]
[WhiteFideId "2917173"]
[BlackFideId "12953474"]
[EventDate "2022.03.27"]

1. e4 e5 2. Nf3 Nc6 3. d4 exd4 4. Nxd4 Nf6 5. Nxc6 bxc6 6. e5 Qe7 7. Qe2 Nd5 8.
h4 Qe6 9. Nd2 a5 10. g3 Nb4 11. Nf3 Ba6 12. c4 Qg6 13. h5 Qc2 14. Rh4 Qxe2+ 15.
Kxe2 c5 16. Kd1 d6 17. exd6 O-O-O 18. Bh3+ Kb8 19. d7 Be7 20. Re4 Bf6 21. a3 Bb7
22. Re3 Nc6 23. Bd2 a4 24. Bc3 Nd4 25. Ne5 Bxe5 26. Rxe5 Bf3+ 27. Kd2 Nb3+ 28.
Ke3 Nxa1 29. Kxf3 Nb3 30. Ke4 Rhf8 31. Re7 Nd4 32. Kd5 Kb7 33. Kxc5 Ne6+ 34. Kd5
Ra8 35. c5 c6+ 36. Kd6 Nc7 37. Bxg7 Rfd8 38. Rxf7 Ne8+ 39. Ke7 Nxg7 40. Rxg7 Kc7
41. Be6 Ra5 42. Rg8 1-0

[Event "22nd ch-EUR Indiv 2022"]
[Site "Terme Catez SLO"]
[Date "2022.04.04"]
[Round "9.83"]
[White "Tratar, Marko"]
[Black "Urh, Zala"]
[Result "0-1"]
[WhiteTitle "GM"]
[BlackTitle "WIM"]
[WhiteElo "2417"]
[BlackElo "2307"]
[WhiteFideId "14600684"]
[BlackFideId "14611481"]
[EventDate "2022.03.27"]

1. c4 Nf6 2. Nc3 e6 3. e4 d5 4. cxd5 exd5 5. e5 Ne4 6. Nf3 c5 7. Nxe4 dxe4 8.
Qa4+ Nc6 9. Qxe4 Be6 10. Bc4 Qd7 11. Bxe6 Qxe6 12. b3 O-O-O 13. Bb2 Be7 14. O-O
g5 15. d3 g4 16. Ne1 Rhg8 17. Nc2 Rg5 18. Rfe1 Kb8 19. Rad1 Rh5 20. d4 Qh6 21.
Bc1 Bg5 22. Bxg5 Qxg5 23. dxc5 Re8 24. Qd5 Nxe5 25. Qd6+ Ka8 26. Ne3 Rh6 27.
Qxh6 Qxh6 28. Nxg4 Nf3+ 29. gxf3 Rxe1+ 30. Rxe1 Qc6 31. Re7 a5 32. Rxf7 h5 33.
Ne5 Qxc5 34. f4 Qd5 35. Rf5 h4 36. h3 Qd1+ 37. Kg2 Qd5+ 38. Kg1 Qd2 39. Nf3 Qxa2
40. Kg2 b6 41. Rf8+ Kb7 42. f5 Qxb3 43. f6 Qc3 44. Nxh4 a4 45. Nf5 Qe5 0-1

[Event "22nd ch-EUR Indiv 2022"]
[Site "Terme Catez SLO"]
[Date "2022.04.04"]
[Round "9.84"]
[White "Prokofiev, Valentyn"]
[Black "Globus, Or"]
[Result "1-0"]
[BlackTitle "FM"]
[WhiteElo "2287"]
[BlackElo "2414"]
[WhiteFideId "14160161"]
[BlackFideId "2816776"]
[EventDate "2022.03.27"]

1. c4 Nf6 2. Nc3 e5 3. Nf3 Nc6 4. e4 Bb4 5. d3 d6 6. a3 Bc5 7. b4 Bb6 8. Na4 Bg4
9. Nxb6 axb6 10. Bb2 O-O 11. Be2 Nd7 12. h3 Bxf3 13. Bxf3 Nd4 14. Bxd4 exd4 15.
O-O c6 16. Qb3 Re8 17. Rae1 Qh4 18. Qb2 Ne5 19. Be2 Qf6 20. f4 Ng6 21. g3 b5 22.
cxb5 cxb5 23. Bg4 Nf8 24. Qb3 Re7 25. Rc1 g6 26. h4 Kg7 27. Kg2 h5 28. Bh3 Nd7
29. Rc2 Nb6 30. f5 Nd7 31. fxg6 Qxg6 32. Bxd7 Rxd7 33. Rf5 f6 34. Rcf2 Qf7 35.
Qb2 Re8 36. Rxf6 Qxf6 37. Rxf6 Kxf6 38. Qf2+ Ke7 39. Qf5 Ra8 40. Qh7+ Ke6 41.
Qxh5 Rxa3 42. Qe8+ Re7 43. Qxb5 Rc7 44. Qf5+ Ke7 45. Qh7+ Kd8 46. Qh8+ Kd7 47.
Qg7+ Kc8 48. Qxd4 Rcc3 49. Qxd6 Rxd3 50. Qf4 1-0

[Event "22nd ch-EUR Indiv 2022"]
[Site "Terme Catez SLO"]
[Date "2022.04.04"]
[Round "9.86"]
[White "Papadiamandis, Elliot"]
[Black "Dalaud, Dorian"]
[Result "1/2-1/2"]
[WhiteTitle "FM"]
[BlackTitle "FM"]
[WhiteElo "2406"]
[BlackElo "2293"]
[WhiteFideId "36074160"]
[BlackFideId "36093270"]
[EventDate "2022.03.27"]

1. e4 c5 2. Nf3 Nc6 3. d4 cxd4 4. Nxd4 Nf6 5. Nc3 e6 6. Ndb5 d6 7. Bf4 e5 8. Bg5
a6 9. Na3 b5 10. Nd5 Be7 11. Bxf6 Bxf6 12. c4 b4 13. Nc2 O-O 14. Be2 a5 15. O-O
Bg5 16. Qd3 Be6 17. Rfd1 Qb8 18. Qg3 Bd8 19. Nde3 g6 20. Nf5 Bc7 21. h4 Kh8 22.
Nfe3 f5 23. exf5 gxf5 24. Nd5 Rg8 25. Qf3 Bd8 26. Nf4 Bd7 27. Nh5 Bxh4 28. c5
Rg6 29. cxd6 Rxd6 30. Ng3 e4 31. Qe3 Bf6 32. Qc5 Be7 33. Rxd6 Qxd6 34. Qxd6 Bxd6
35. Rd1 Bxg3 36. Rxd7 Be5 37. b3 Rd8 38. Rxd8+ Nxd8 39. Ne3 f4 40. Nc4 Bc7 41.
Bg4 Nf7 42. Bf5 Nd6 43. Nxd6 Bxd6 1/2-1/2

[Event "22nd ch-EUR Indiv 2022"]
[Site "Terme Catez SLO"]
[Date "2022.04.04"]
[Round "9.87"]
[White "Milikow, Elie"]
[Black "Golubka, Petro"]
[Result "1-0"]
[WhiteTitle "CM"]
[BlackTitle "GM"]
[WhiteElo "2256"]
[BlackElo "2401"]
[WhiteFideId "371281868"]
[BlackFideId "14114224"]
[EventDate "2022.03.27"]

1. e4 d5 2. exd5 Qxd5 3. Nc3 Qd6 4. d4 c6 5. Nf3 Bg4 6. Be2 Nf6 7. Be3 e6 8. O-O
Nbd7 9. Qd2 Qc7 10. Bf4 Bd6 11. Bxd6 Qxd6 12. h3 Bh5 13. Rfd1 O-O 14. Ng5 Bg6
15. Bd3 Bxd3 16. Qxd3 h6 17. Nce4 Qd5 18. Nxf6+ Nxf6 19. Nf3 Rfd8 20. Qe2 Rac8
21. c3 Kf8 22. Ne5 Kg8 23. Nf3 Qh5 24. Qe5 Qg6 25. Qe2 Nd5 26. Ne5 Qg5 27. Qe4
Nf4 28. Qf3 Qf5 29. Re1 c5 30. Qxb7 cxd4 31. Nc6 Rxc6 32. Qxc6 Rd5 33. cxd4 Qg6
34. g3 Nxh3+ 35. Kg2 Nf4+ 36. Kg1 h5 37. Re5 h4 38. Rxd5 Nxd5 39. Qd6 Qe4 40.
Qd8+ 1-0

[Event "22nd ch-EUR Indiv 2022"]
[Site "Terme Catez SLO"]
[Date "2022.04.04"]
[Round "9.88"]
[White "Buksa, Nataliya"]
[Black "Palczert, Matyas"]
[Result "1-0"]
[WhiteTitle "IM"]
[WhiteElo "2401"]
[BlackElo "2284"]
[WhiteFideId "14123622"]
[BlackFideId "784958"]
[EventDate "2022.03.27"]

1. e4 c5 2. Nf3 e6 3. d4 cxd4 4. Nxd4 Nc6 5. Nc3 Qc7 6. Be2 Nf6 7. Be3 Be7 8. f4
d6 9. Qd2 Nxd4 10. Qxd4 O-O 11. O-O-O b6 12. g4 d5 13. e5 Nd7 14. Nb5 Qc6 15.
Qd2 Bb7 16. Nd4 Qc7 17. Kb1 Rfd8 18. h4 Nc5 19. g5 Ne4 20. Qe1 Bc5 21. h5 Bxd4
22. Bxd4 Bc6 23. Bg4 Bd7 24. Qh4 Rf8 25. Qh3 Rae8 26. Rh2 Bc8 27. Rg1 b5 28. Qe3
a6 29. Bf3 Rd8 30. Bxe4 dxe4 31. Bb6 Qd7 32. Bxd8 Rxd8 33. Kc1 Bb7 34. Rd2 Bd5
35. Rgd1 Rc8 36. g6 Qc7 37. gxh7+ Kxh7 38. Rg1 Rg8 39. Kb1 b4 40. Rdg2 Qd7 41.
Rg6 Qe7 42. Qg3 Qf8 43. h6 fxg6 44. Qxg6+ Kh8 45. Rh1 1-0

[Event "22nd ch-EUR Indiv 2022"]
[Site "Terme Catez SLO"]
[Date "2022.04.04"]
[Round "9.89"]
[White "Marn, Jan"]
[Black "Salimova, Nurgyul"]
[Result "0-1"]
[WhiteTitle "FM"]
[BlackTitle "IM"]
[WhiteElo "2232"]
[BlackElo "2399"]
[WhiteFideId "14619245"]
[BlackFideId "2915138"]
[EventDate "2022.03.27"]

1. d4 d5 2. c4 e6 3. g3 Nf6 4. Nf3 dxc4 5. Bg2 a6 6. O-O Nc6 7. e3 Bd7 8. Qe2
Bd6 9. Qxc4 O-O 10. Nbd2 Qe7 11. Qe2 e5 12. dxe5 Nxe5 13. Nxe5 Bxe5 14. Nc4 Bb5
15. a4 Bxc4 16. Qxc4 c6 17. Rb1 Rad8 18. b4 Nd5 19. Bb2 Bxb2 20. Rxb2 Qe5 21.
Rc2 Nb6 22. Qc5 Qc7 23. Ra1 Rfe8 24. b5 axb5 25. axb5 Re5 26. Qb4 c5 27. Qf4 f6
28. Rac1 Qe7 29. Qf3 Rd7 30. Rd1 Red5 31. Rxd5 Rxd5 32. Qg4 Rd7 33. Qf5 Rc7 34.
Bd5+ Kh8 35. e4 g6 36. Qf4 Kg7 37. Kg2 Rd7 38. Rd2 f5 39. f3 Qf6 40. Qb8 fxe4
41. fxe4 Nxd5 42. Rxd5 Rf7 43. Qe5 b6 44. Qxf6+ Kxf6 45. Kf3 Ke6+ 46. Ke3 Rd7
47. Rg5 c4 48. Rg4 c3 49. e5 Rc7 0-1

[Event "22nd ch-EUR Indiv 2022"]
[Site "Terme Catez SLO"]
[Date "2022.04.04"]
[Round "9.91"]
[White "Fishchuk, Vladyslav"]
[Black "Pasti, Aron"]
[Result "0-1"]
[BlackTitle "FM"]
[WhiteElo "1760"]
[BlackElo "2398"]
[WhiteFideId "34122117"]
[BlackFideId "785857"]
[EventDate "2022.03.27"]

1. Nf3 d5 2. d4 Nf6 3. c4 e6 4. g3 Be7 5. Bg2 O-O 6. O-O dxc4 7. Qc2 a6 8. a4
Bd7 9. Rd1 Bc6 10. Nc3 Nbd7 11. e4 b5 12. d5 exd5 13. e5 b4 14. exf6 Nxf6 15.
Ne2 Bb7 16. Nfd4 g6 17. Bg5 b3 18. Qc1 c5 19. Nf3 Re8 20. Nf4 Qb6 21. Nd2 Rad8
22. Nf1 Bc6 23. h4 Qb7 24. Rd2 h6 25. Bxh6 Ng4 26. Bg5 Bxg5 27. hxg5 d4 28. Bxc6
Qxc6 29. Re2 Rxe2 30. Nxe2 Qf3 31. Qf4 Qxe2 32. Nh2 Nxh2 33. Kxh2 d3 34. Qf6 Re8
35. Rh1 d2 36. Kg2 Qe4+ 37. f3 Qe2+ 38. Kh3 Qe6+ 39. Qxe6 Rxe6 40. Rd1 c3 41.
bxc3 b2 42. Kg2 Re2+ 0-1

[Event "22nd ch-EUR Indiv 2022"]
[Site "Terme Catez SLO"]
[Date "2022.04.04"]
[Round "9.92"]
[White "David, Alberto"]
[Black "Stremavicius, Pijus"]
[Result "1-0"]
[WhiteTitle "GM"]
[BlackTitle "FM"]
[WhiteElo "2545"]
[BlackElo "2320"]
[WhiteFideId "4000013"]
[BlackFideId "12812730"]
[EventDate "2022.03.27"]

1. e4 c5 2. Nf3 e6 3. d3 b6 4. g3 Bb7 5. Bg2 d6 6. O-O Be7 7. Qe2 Nf6 8. Ne1 Nc6
9. c3 Qc7 10. f4 d5 11. e5 Nd7 12. Nf3 O-O-O 13. Na3 a6 14. Nc2 h6 15. d4 Kb8
16. f5 Nf8 17. Ne3 cxd4 18. cxd4 f6 19. exf6 Bxf6 20. Nc2 Qd7 21. Bf4+ Ka7 22.
Be5 Nxe5 23. Nxe5 Qc7 24. Rac1 Rc8 25. Qd2 Nh7 26. Ne3 Qb8 27. fxe6 Bxe5 28.
dxe5 Qxe5 29. Bxd5 Rxc1 30. Rxc1 Rd8 31. Rd1 Nf6 32. Qc3 Qh5 33. g4 Qg5 34. h4
Qf4 35. Rd4 Qg3+ 36. Bg2 Rxd4 37. Qxd4 Qe1+ 38. Bf1 Nxg4 39. Qxg4 Qxe3+ 40. Kh2
Qe5+ 41. Kg1 Qxb2 42. Qf4 g5 43. hxg5 hxg5 44. Qe3 g4 45. e7 g3 46. Qxg3 Qd4+
47. Kh2 Qe4 48. Qd6 Qe1 49. Qf6 Qd2+ 50. Kg3 Qe1+ 51. Kg4 Qe4+ 52. Kg5 Qe3+ 53.
Kg6 Qg3+ 54. Kh6 Qe3+ 55. Kg7 Qe4 56. Bd3 Qg4+ 57. Bg6 Qd7 58. Bf7 Bc6 59. Qe5
Kb7 60. e8=Q Qg4+ 61. Kf8 Bxe8 62. Bd5+ Bc6 63. Qe7+ Kc8 64. Be6+ Qxe6 65. Qxe6+
Kc7 66. Ke7 b5 67. Qd6+ Kb6 68. Kd8 a5 69. Qc7+ 1-0

[Event "22nd ch-EUR Indiv 2022"]
[Site "Terme Catez SLO"]
[Date "2022.04.04"]
[Round "9.93"]
[White "Firat, Burak"]
[Black "Zirkelbach, Maj"]
[Result "1-0"]
[WhiteTitle "GM"]
[BlackTitle "FM"]
[WhiteElo "2487"]
[BlackElo "2295"]
[WhiteFideId "6305881"]
[BlackFideId "14613395"]
[EventDate "2022.03.27"]

1. c4 e6 2. Nf3 d5 3. g3 Nf6 4. Bg2 dxc4 5. Qa4+ c6 6. Qxc4 b5 7. Qc2 Bb7 8. O-O
c5 9. a4 b4 10. Rd1 Nbd7 11. d3 Be7 12. Nbd2 a5 13. Nc4 Nb6 14. Nce5 O-O 15. e4
Nfd7 16. Nxd7 Qxd7 17. Be3 Rac8 18. Ne5 Qc7 19. f4 Rfd8 20. Rac1 Bd6 21. Nf3 c4
22. Qf2 Nxa4 23. Rxc4 Qd7 24. Rxc8 Rxc8 25. Ra1 Nc5 26. Rxa5 Nxd3 27. Qd2 Bxe4
28. Ng5 Bg6 29. f5 Bxf5 30. Rxf5 exf5 31. Qxd3 h6 32. Nf3 Qe7 33. Nd4 Bc5 34.
Nxf5 Bxe3+ 35. Qxe3 Qxe3+ 36. Nxe3 b3 37. Bf1 Rc2 38. Nc4 Kf8 39. Bd3 Ke7 40. h3
f5 41. Kf1 Kf6 42. g4 f4 43. Ke1 Rh2 44. Bf1 f3 45. Nd2 g6 46. Nxb3 Rxb2 47. Nd2
f2+ 48. Ke2 Kg5 49. Ke3 h5 50. Nf3+ Kf6 51. g5+ Kg7 52. Be2 Ra2 53. Kxf2 Ra3 54.
Bc4 Rc3 55. Bd5 Rc2+ 56. Kg3 Rc3 57. Kf4 Ra3 58. Be4 Rb3 59. h4 Ra3 60. Ne5 Rh3
61. Nxg6 Rh2 62. Kg3 Ra2 63. Nf4 Ra3+ 64. Bf3 1-0

[Event "22nd ch-EUR Indiv 2022"]
[Site "Terme Catez SLO"]
[Date "2022.04.04"]
[Round "9.94"]
[White "Loiseau, Quentin"]
[Black "Kastelic, Marian"]
[Result "1-0"]
[WhiteTitle "IM"]
[BlackTitle "FM"]
[WhiteElo "2474"]
[BlackElo "2287"]
[WhiteFideId "665274"]
[BlackFideId "14602245"]
[EventDate "2022.03.27"]

1. d4 Nf6 2. c4 e6 3. Nf3 d5 4. Nc3 Be7 5. Bg5 O-O 6. e3 Nbd7 7. Rc1 c6 8. Bd3
dxc4 9. Bxc4 b5 10. Bd3 Bb7 11. O-O a6 12. Ne4 Nxe4 13. Bxe7 Qxe7 14. Bxe4 Rac8
15. Nd2 f5 16. Bf3 e5 17. Nb3 e4 18. Be2 c5 19. dxc5 Nxc5 20. Nxc5 Rxc5 21. Qb3+
Kh8 22. Qa3 Rfc8 23. Rfd1 h6 24. Rxc5 Rxc5 25. g3 Kh7 26. Kg2 Qc7 27. Rd7 Qxd7
28. Qxc5 Bd5 29. a4 bxa4 30. Bxa6 Be6 31. Qc2 g5 32. Be2 Bb3 33. Qc5 Kg6 34. Bb5
Qe6 35. Qc7 Qf6 36. Qc6 Qxc6 37. Bxc6 Kf6 38. Kf1 Ke6 39. Ke2 Kd6 40. Be8 Kc5
41. Bd7 Kb4 42. Kd2 Bd5 43. Kc2 Bb3+ 44. Kc1 Bd5 45. Bxf5 Kb3 46. Bg4 Kb4 47.
Bd1 Bc6 48. Bc2 g4 49. Bd1 h5 50. Bc2 Bd5 51. Bb1 Kb3 52. Bc2+ Kb4 53. Kd2 Bc6
54. Ke1 Bd5 55. Ke2 Bc4+ 56. Kd2 Bd5 57. Ke1 Bc6 58. Kf1 Bd5 59. Kg2 Bc6 60. h3
Bd5 61. hxg4 hxg4 62. Kg1 Bc6 63. Kf1 Bd5 64. Ke1 Bc6 65. Kd2 Bd5 66. Kc1 Bc6
67. Bd1 Bd7 68. Be2 Bc8 69. Kc2 Be6 70. Ba6 Bb3+ 71. Kc1 Be6 72. Bb7 Bf5 73. Kc2
Kc4 74. Ba8 Kc5 75. Kc3 Bg6 76. Bb7 Bf5 77. Ba6 Be6 78. Be2 Bf5 79. Bc4 Bd7 80.
Bf7 1-0

[Event "22nd ch-EUR Indiv 2022"]
[Site "Terme Catez SLO"]
[Date "2022.04.04"]
[Round "9.95"]
[White "Kosakowski, Jakub"]
[Black "Eric, Jovana"]
[Result "1-0"]
[WhiteTitle "IM"]
[BlackTitle "WGM"]
[WhiteElo "2452"]
[BlackElo "2278"]
[WhiteFideId "1185080"]
[BlackFideId "938238"]
[EventDate "2022.03.27"]

1. Nf3 c5 2. c4 Nf6 3. g3 e6 4. Bg2 Nc6 5. O-O Be7 6. d4 cxd4 7. Nxd4 O-O 8. Nc3
a6 9. Bf4 Nh5 10. Nxc6 dxc6 11. Qxd8 Bxd8 12. Bd6 Re8 13. Rfd1 Nf6 14. Na4 Nd7
15. Rac1 f6 16. Rc3 Kf7 17. c5 g6 18. Rcd3 e5 19. Nc3 f5 20. e4 Ba5 21. a3 Bxc3
22. Rxc3 Nf6 23. exf5 gxf5 24. Re3 e4 25. Rb3 Nd5 26. f3 Kg6 27. h3 h5 28. Rd4
e3 29. Rd1 a5 30. a4 Nb4 31. Re1 e2 32. Rc3 f4 33. g4 b6 34. cxb6 Nd5 35. Rxc6
Bb7 36. Rc2 Re6 37. Ba3 Rae8 38. Kf2 Ne3 39. Rc7 Ba6 40. b7 Nd1+ 41. Kg1 Rb8 42.
gxh5+ Kxh5 43. Rc5+ Kh6 44. Rxa5 Bc4 45. b3 Bxb3 46. Bc1 Rxb7 47. Bxf4+ Kg6 48.
Be5 Bc4 49. f4 Rb3 50. Ra7 Kf5 51. Rf7+ Kg6 52. Rc7 Ne3 53. Be4+ Kh5 54. Rh7+
Rh6 55. Bf3+ Kg6 56. Be4+ Kh5 57. Bf3+ Kg6 58. Rxh6+ Kxh6 59. Bxe2 Bd5 60. Kf2
Ra3 61. Bd6 Rb3 62. Rg1 Nf5 63. Bf8+ Kh7 64. a5 Rxh3 65. a6 Rh2+ 66. Ke1 Be4 67.
Bc5 Nh4 68. Rf1 Kg6 69. a7 Kf5 70. Kd2 Ng6 71. Ke3 Rh3+ 72. Kd4 Rh8 73. Bg4+
Kxg4 74. Kxe4 Re8+ 75. Kd5 Nxf4+ 76. Rxf4+ Kxf4 77. Bd6+ Kf5 78. Bb8 1-0

[Event "22nd ch-EUR Indiv 2022"]
[Site "Terme Catez SLO"]
[Date "2022.04.04"]
[Round "9.96"]
[White "Petenyi, Tamas"]
[Black "Blagojevic, Tijana"]
[Result "1/2-1/2"]
[WhiteTitle "IM"]
[BlackTitle "WIM"]
[WhiteElo "2451"]
[BlackElo "2260"]
[WhiteFideId "14909090"]
[BlackFideId "16500270"]
[EventDate "2022.03.27"]

1. e4 e5 2. Nf3 Nc6 3. Bb5 Nf6 4. d3 Bc5 5. c3 d5 6. Qe2 O-O 7. Bg5 dxe4 8. dxe4
Qe7 9. Bxc6 bxc6 10. Nbd2 a5 11. O-O Ba6 12. c4 Qe6 13. Rac1 a4 14. Be3 Be7 15.
h3 Rfd8 16. Ng5 Qc8 17. f4 exf4 18. Rxf4 Rf8 19. e5 Nd5 20. Rg4 Qf5 21. Ngf3 h5
22. Re4 Rad8 23. Rf1 Qg6 24. Bf2 Nb4 25. Bh4 Bc5+ 26. Kh1 Rde8 27. a3 Nd5 28.
Bf2 Be7 29. Qd1 Nb6 30. Bxb6 cxb6 31. Qxa4 Bc8 32. Qb3 Bc5 33. Ree1 Bg4 34. hxg4
hxg4 35. Nh4 Qh6 36. g3 Qxd2 37. Qd1 Qxd1 38. Rxd1 Rxe5 39. b4 Be7 40. Nf5 Bg5
41. Rd4 Ra8 42. Rxg4 Bf6 43. Nd4 Rh5+ 44. Kg2 Bxd4 45. Rxd4 Rxa3 46. Rd8+ Kh7
47. Rxf7 1/2-1/2

[Event "22nd ch-EUR Indiv 2022"]
[Site "Terme Catez SLO"]
[Date "2022.04.04"]
[Round "9.97"]
[White "Sanikidze, Tornike"]
[Black "Gajcin, Marina"]
[Result "1/2-1/2"]
[WhiteTitle "GM"]
[BlackTitle "WIM"]
[WhiteElo "2439"]
[BlackElo "2254"]
[WhiteFideId "13602608"]
[BlackFideId "949086"]
[EventDate "2022.03.27"]

1. Nf3 Nf6 2. c4 g6 3. Nc3 d5 4. cxd5 Nxd5 5. Qc2 Nc6 6. d4 Ndb4 7. Qa4 Bd7 8.
Qd1 e5 9. a3 exd4 10. axb4 dxc3 11. b5 Bb4 12. bxc3 Bxc3+ 13. Bd2 Bxd2+ 14. Qxd2
Qf6 15. Rc1 Ne7 16. Rxc7 Bxb5 17. Nd4 Bc6 18. Nxc6 bxc6 19. Qd7+ Kf8 20. e4 Qa1+
21. Ke2 Qe5 22. Kf3 Qf6+ 23. Kg3 g5 24. f3 Qe5+ 25. Kf2 Qc5+ 26. Kg3 h5 27. Ba6
Qe5+ 28. Kf2 Qc5+ 29. Ke2 Qc2+ 30. Qd2 Qxd2+ 31. Kxd2 Rh6 32. Rb1 Rd6+ 33. Kc3
Ng6 34. Rbb7 Ne5 35. Be2 a5 36. Re7 Re8 37. Rxe8+ Kxe8 38. Ra7 h4 39. Rxa5 f6
40. g3 hxg3 41. hxg3 Ke7 42. Ra1 Rd8 43. Rh1 Ra8 44. Rh7+ Kd6 45. Rh6 Nd7 46. f4
Ra3+ 47. Kb4 Rxg3 48. e5+ Nxe5 49. Rxf6+ Kd5 50. fxe5 c5+ 51. Ka4 Kxe5 52. Rf8
Kd4 53. Rd8+ Ke3 54. Bd1 Rg2 55. Rg8 g4 56. Kb3 g3 57. Re8+ Kf2 58. Kc3 Rh2 59.
Re2+ Kf1 60. Rxh2 gxh2 1/2-1/2

[Event "22nd ch-EUR Indiv 2022"]
[Site "Terme Catez SLO"]
[Date "2022.04.04"]
[Round "9.98"]
[White "Sorm, Daniel"]
[Black "Sousa, Andre Ventura"]
[Result "1/2-1/2"]
[WhiteTitle "FM"]
[BlackTitle "IM"]
[WhiteElo "2323"]
[BlackElo "2429"]
[WhiteFideId "5400139"]
[BlackFideId "1917617"]
[EventDate "2022.03.27"]

1. c4 e6 2. Nc3 Nf6 3. d4 Bb4 4. e3 O-O 5. Bd3 d5 6. cxd5 exd5 7. Ne2 Re8 8. O-O
Bf8 9. a3 a5 10. f3 c5 11. Qe1 b6 12. g4 Ba6 13. Bxa6 Nxa6 14. Qf2 Nc7 15. Bd2
Qd7 16. Ng3 Ne6 17. Kh1 Rac8 18. a4 g6 19. Rac1 h6 20. Nge2 Bg7 21. Nb5 Rf8 22.
Rfd1 Ne8 23. Bc3 cxd4 24. Nexd4 Nc5 25. b3 Nf6 26. Qh4 Qe7 27. Rc2 Rfe8 28. Re2
Nfd7 29. Qxe7 Rxe7 30. Be1 Rce8 31. Bf2 Bxd4 32. Nxd4 Nf8 33. Red2 Rc7 34. Nb5
Rc6 35. Rxd5 Nxb3 36. Nd4 Nxd4 37. R5xd4 Ne6 38. Rd6 Rc2 39. R1d2 Rec8 40. Kg2
Rxd2 41. Rxd2 Rc4 42. Rd6 Rxa4 43. Rxb6 g5 44. Bg3 Ra2+ 45. Kf1 Kf8 46. Bd6+ Ke8
47. Rb7 Rd2 48. Be5 Nc5 49. Ra7 Nd3 50. Rxa5 Rf2+ 51. Kg1 Rxf3 52. Bd4 Rf2 53.
Ra6 f5 54. Ra3 Rd2 55. gxf5 Ne1 56. Ra8+ Kd7 57. Ra7+ Kc6 58. Ra6+ Kd5 59. Rxh6
Nf3+ 60. Kh1 Nh4 61. Kg1 Ke4 62. Rxh4+ gxh4 63. f6 Kf3 64. h3 Rd1+ 65. Kh2 Rd2+
66. Kg1 Rg2+ 67. Kf1 Rg5 68. Ke1 Rf5 69. Kd2 Ke4 70. Ke2 Rf3 71. Bc5 Rxf6 72.
Be7 Rh6 73. Kf2 Rh5 74. Bd8 Rh7 75. Ke2 Ra7 76. Bxh4 Ra2+ 77. Kd1 Kd3 78. Kc1
Rh2 79. Bf6 Rxh3 80. Bd4 Rxe3 81. Bxe3 1/2-1/2

[Event "22nd ch-EUR Indiv 2022"]
[Site "Terme Catez SLO"]
[Date "2022.04.04"]
[Round "9.99"]
[White "Kilgus, Georg"]
[Black "Zadravec, Matija"]
[Result "1/2-1/2"]
[WhiteTitle "IM"]
[WhiteElo "2415"]
[BlackElo "2239"]
[WhiteFideId "1606212"]
[BlackFideId "14533413"]
[EventDate "2022.03.27"]

1. d4 Nf6 2. Nf3 e6 3. e3 c5 4. Bd3 Nc6 5. O-O d5 6. b3 Qc7 7. c4 cxd4 8. exd4
Be7 9. Bb2 O-O 10. Nbd2 Nb4 11. Bb1 b6 12. Qe2 Ba6 13. a3 Nc6 14. Bd3 Rfd8 15.
Rac1 dxc4 16. bxc4 Qf4 17. Nb3 Rac8 18. Ne5 Nxe5 19. dxe5 Nd7 20. g3 Qh6 21. Be4
Nc5 22. Nxc5 Bxc5 23. Rfd1 g6 24. Qc2 Qg5 25. Kg2 Qe7 26. Rd3 Rxd3 27. Qxd3 Rd8
28. Qc3 Bb7 29. Bxb7 Qxb7+ 30. f3 Qd7 31. Kh3 Qd2 32. Qxd2 Rxd2 33. Bc3 Rd3 34.
Bb4 Rxf3 35. Rd1 Bxb4 36. axb4 Rc3 37. Rd4 a5 38. bxa5 bxa5 39. Rd8+ Kg7 40. Ra8
Rxc4 41. Rxa5 Rd4 42. Ra2 Re4 43. Ra5 h5 44. Kg2 Re2+ 45. Kg1 g5 46. h3 Kg6 47.
Kf1 Rd2 48. Ra3 Rd4 49. Kf2 h4 50. Ke3 Rb4 51. g4 Rb2 52. Ke4 Re2+ 53. Kd4 Rb2
54. Ke4 Rb4+ 55. Kf3 Kg7 56. Ke3 Rb8 57. Kd4 Kf8 58. Ke4 Ke8 59. Kd4 Kf8 60. Ke4
Rb4+ 61. Kf3 Kg7 62. Ke3 f6 63. exf6+ Kxf6 64. Kf3 Rd4 65. Ke3 Ke5 66. Ra8 Re4+
67. Kf3 Rc4 68. Ra5+ Kd4 69. Rxg5 Rc3+ 70. Kg2 Rc2+ 71. Kg1 e5 72. Rg8 Ke3 73.
g5 e4 74. g6 Ke2 75. Re8 Kf3 76. Rf8+ Kg3 77. g7 Rc1+ 78. Rf1 Rc8 79. Rf8 Rc1+ 1/2-1/2

[Event "22nd ch-EUR Indiv 2022"]
[Site "Terme Catez SLO"]
[Date "2022.04.04"]
[Round "9.100"]
[White "Deuer, Marius"]
[Black "Sarrau, Jelle"]
[Result "0-1"]
[WhiteTitle "FM"]
[BlackTitle "FM"]
[WhiteElo "2304"]
[BlackElo "2401"]
[WhiteFideId "16236432"]
[BlackFideId "207608"]
[EventDate "2022.03.27"]

1. d4 e6 2. c4 Bb4+ 3. Nc3 c5 4. e3 Nc6 5. Ne2 cxd4 6. exd4 d5 7. c5 Nge7 8. a3
Bxc3+ 9. Nxc3 Nf5 10. Bb5 O-O 11. Bxc6 bxc6 12. O-O Qh4 13. Be3 e5 14. g3 Qh3
15. Ne2 f6 16. Rc1 h5 17. Kh1 Ba6 18. Re1 Bxe2 19. Qxe2 Rae8 20. Qf3 Nh4 0-1